И. Ион. Лодзь. Приводостроителный и Чугунолитейный Завод. Приводы (Трансмиссии): [каталог]; № 200

Xehetasun bibliografikoak
Gaia:Текст в русской дореформенной орфографии
Hizkuntza:errusiera
Argitaratua: Лодзь, Р. Резигер, 1902
Gaiak:
Formatua: Liburua
KOHA link:https://koha.lib.tpu.ru/cgi-bin/koha/opac-detail.pl?biblionumber=322829

MARC

LEADER 00000nam0a2200000 4500
001 322829
005 20231102003518.0
035 |a (RuTPU)RU\TPU\book\348387 
090 |a 322829 
100 |a 20161005d1902 m y0rusy50 ca 
101 0 |a rus 
102 |a RU 
105 |a a b 001zy 
200 1 |a И. Ион. Лодзь. Приводостроителный и Чугунолитейный Завод. Приводы (Трансмиссии)  |e [каталог]  |h № 200 
210 |a Лодзь  |c Р. Резигер  |d 1902 
215 |a XXV, 355 с.  |c ил. 
300 |a Текст в русской дореформенной орфографии 
316 |5 63413507: М-132214  |a Владельческая подпись: "Ин. Бутаков" и штамп-экслибрис И. Н. Бутакова 
317 |5 63413507: М-132214  |a Поступила в НТБ в 1970 г. в составе книжного собрания профессора ТПИ И. Н. Бутакова 
320 |a Алфавитный указатель: с. VI-XI 
606 1 |a Приводы  |2 stltpush  |3 (RuTPU)RU\TPU\subj\51651  |9 70224 
610 1 |a владельческая надпись 
610 1 |a владельческие знаки 
610 1 |a библиотека И. Н. Бутакова 
610 1 |a подшипники 
610 1 |a валы 
610 1 |a муфты 
610 1 |a приводы 
610 1 |a подвески 
610 1 |a колонки 
610 1 |a плиты 
610 1 |a стойки 
610 1 |a кронштейны 
610 1 |a консоли 
610 1 |a угольники 
610 1 |a шкивы 
610 1 |a канаты 
610 1 |a колеса 
610 1 |a уход 
610 1 |a сборка 
675 |a 62-8  |v 3 
801 1 |a RU  |b 63413507  |c 20161005 
801 2 |a RU  |b 63413507  |c 20190724  |g RCR 
942 |c BK